| 000 | 00708nam a2200193 i 4500 | ||
|---|---|---|---|
| 001 | 142350 | ||
| 003 | ES-MaACL | ||
| 005 | 20230906200512.0 | ||
| 007 | t| | ||
| 008 | 071004s1911 sp ||||1| spa d | ||
| 080 | _a362.7 | ||
| 100 | 1 |
_aVilla y Sanz, Isidoro de la. _9114898 |
|
| 245 | 1 | 3 |
_aLa protección de la infancia _b: discurso pronunciado en la sesión inaugural del Ateneo de Valladolid, Año 1910, octubre / _cpor Isidoro de la Villa. |
| 260 |
_aValladolid : _b[s.n.], _c1911 ( _fImp. Castellana) |
||
| 300 |
_a22 p. ; _c21 cm. |
||
| 650 | 4 |
_aNiños- _xServicios sociales. _9146655 |
|
| 710 | 2 |
_aAteneo de Valladolid. _92031 |
|
| 852 |
_aES-MaACL _jT-1228-F-2 _z.-Dedicatoria manuscrita del autor |
||
| 999 |
_c142350 _d142350 |
||